| 000 | 00387nam a2200181Ia 4500 | ||
|---|---|---|---|
| 100 | _aHansmann/Uwe | ||
| 650 | _aMobile computing | ||
| 250 | _a2 | ||
| 942 | _cBK | ||
| 366 | _f27 | ||
| 654 | _amobile computing | ||
| 245 | _aPrinciples fo Mobile computing | ||
| 260 |
_bSpringer _c2003 |
||
| 082 |
_a621.382 _bHAN |
||
| 300 | _a448 | ||
| 546 |
_aENGLISH _cComputers |
||
| 999 |
_c29829 _d29829 |
||